Rationalisation of retail locations, by F.O.S. Obayiuwana, Winner of the President`s Prize, 1974 (Record no. 88963)

MARC details
000 -LEADER
fixed length control field 00614cam a2200217 4500
001 - CONTROL NUMBER
control field D16030
008 - FIXED-LENGTH DATA ELEMENTS--GENERAL INFORMATION
fixed length control field 090401t1974 xxu||||| |||| 00| 0 eng d
035 ## - SYSTEM CONTROL NUMBER
System control number (Sirsi) u26669
041 ## - LANGUAGE CODE
Language code of text/sound track or separate title eng
050 ## - LIBRARY OF CONGRESS CALL NUMBER
Classification number 725.21
100 ## - MAIN ENTRY--PERSONAL NAME
Personal name Obayiuwana, F.O.S.
245 ## - TITLE STATEMENT
Title Rationalisation of retail locations, by F.O.S. Obayiuwana, Winner of the President`s Prize, 1974
260 ## - PUBLICATION, DISTRIBUTION, ETC.
Name of publisher, distributor, etc. Unpublished RICS
Date of publication, distribution, etc. 1974
300 ## - PHYSICAL DESCRIPTION
Extent 20p
350 ## - PRICE (NR) (BK AM CF MU VM SE) [OBSOLETE]
Price 0
520 ## - SUMMARY, ETC.
Summary, etc. Filed in box 1974/14A
710 ## - ADDED ENTRY--CORPORATE NAME
Corporate name or jurisdiction name as entry element Royal Institution of Chartered Surveyors
9 (RLIN) 4900
710 ## - ADDED ENTRY--CORPORATE NAME
Corporate name or jurisdiction name as entry element Junior Organisation
9 (RLIN) 1081
942 ## - ADDED ENTRY ELEMENTS (KOHA)
Suppress in OPAC 0
948 ## - LOCAL PROCESSING INFORMATION (OCLC); SERIES PART DESIGNATOR (RLIN)
c (OCLC) 04/03/1997
Holdings
Withdrawn status Lost status Source of classification or shelving scheme Damaged status Not for loan Home library Current library Shelving location Date acquired Total Checkouts Full call number Barcode Date last seen Copy number Price effective from Koha item type
    Other/Generic Classification Scheme     London London RICS Boxes 14/09/1999   RICS 1974/14 30028093 06/08/2019 1 06/08/2019 Reference material